000 00477nam a2200181Ia 4500
001 1582
005 20260306143739.0
008 260306t2016||||xx |||||||||||||| ||spa||
041 _aESP
082 _a152.4
_bR47
100 _aReyes Ortega, Michele André
_eAUT
245 0 _aRegulación emocional en la práctica clínica:
_buna guía para terapeutas
260 _c2016
300 _a110 páginas :
_c23 cm.
650 _aGEN
654 _aCPS
942 _cLIB
_dJUS
_fJUS
_2ddc
_n
999 _c1582
_d1582